000 00481nam a2200193Ia 4500
008 101110s9999 xx 000 0 und d
041 _aENGLISH
082 _bSR2327
_a332.1
100 _aTannan M.L.
245 _aBanking Law and Practice in India
365 _b18
520 _aCommerce
546 _aENGLISH
630 _aBanking Law and Practice in India
650 _aCommerce
655 _aCommerce
730 _aBanking Law and Practice in India
942 _cBOOK
999 _c799118
_d799115